000 00263nam a22001217a 4500
008 170608b xxu||||| |||| 00| 0 eng d
041 _aeng
080 _a94(4)
100 _a18
101 _aSHH
245 _aROUSSEAU AND REVOLUTION
_cDURANT,W
942 _2udc
_cBK
999 _c16589
_d16589